[Event "1st WMSG Blitz Team w"]
[Site "Beijing CHN"]
[Date "2008.10.13"]
[Round "11"]
[White "Zdebskaja,N"]
[Black "Harika,D"]
[Result "1-0"]
[WhiteElo "2419"]
[BlackElo "2461"]

1.e4 c5 2.Nf3 Nc6 3.Nc3 g6 4.d4 cxd4 5.Nxd4 Bg7 6.Nb3 Nf6 7.Be2 O-O 8.O-O d6
9.Bg5 Be6 10.Kh1 h6 11.Bh4 a5 12.a4 Bxb3 13.cxb3 Nb4 14.f4 Rc8 15.Bc4 Nxe4
16.Nxe4 d5 17.Bxd5 Qxd5 18.Qf3 Nc6 19.Nf6+ Bxf6 20.Qxd5 Bxh4 21.f5 Kg7 22.Rac1 Bf6
23.Qd7 Rb8 24.fxg6 Rfd8 25.Qg4 fxg6 26.Qg3 Be5 27.Qf3 Bf6 28.Rcd1 Nd4 29.Qe4 Rd7
30.Rd3 Rbd8 31.Rfd1 h5 32.g4 hxg4 33.Qxg4 Rd5 34.Rh3 Nf5 35.Rg1 g5 36.Qh5 Rg8
37.Qh7+ Kf8 38.Rf3 Nd6 39.Qh6+ Kf7 40.Qh5+ Kf8 41.Qg4 Rd2 42.Qe6 Rg6 43.h4 Rh6
44.Rxg5 Rxh4+ 45.Kg1 Rd1+ 46.Kg2 Rd2+ 47.Kg3 Ne4+ 48.Kxh4 Nxg5 49.Rxf6+ exf6
50.Qxf6+ Nf7 51.Qc3 Rd7 52.Qxa5 Ke7 53.Qc5+ Nd6 54.Qe5+ Kd8 55.Qf6+ Kc7 56.Qc3+ Kb8
57.b4 Nf5+ 58.Kg4 Nd4 59.Qg3+ Ka7 60.Qe3 Kb8 61.Qe8+ Kc7 62.Qe5+ Kc8 63.b5 b6
64.b4 Kb7 65.a5 Ka7 66.a6 Ka8 67.Qe8+  1-0

[Event "1st WMSG Blitz Team"]
[Site "Beijing CHN"]
[Date "2008.10.13"]
[Round "11"]
[White "Di Berardino,D"]
[Black "Kryvoruchko,Y"]
[Result "0-1"]
[WhiteElo "2502"]
[BlackElo "2627"]

1.e4 c5 2.Nf3 Nc6 3.Nc3 e5 4.Bc4 Be7 5.d3 d6 6.O-O Nf6 7.Ng5 O-O 8.f4 exf4
9.Bxf4 h6 10.Nf3 Be6 11.Qd2 Qd7 12.Nd5 Bxd5 13.exd5 Nd4 14.c3 Nxf3+ 15.Rxf3  0-1

[Event "FSIM October"]
[Site "Budapest HUN"]
[Date "2008.10.13"]
[Round "9"]
[White "Gabrielsen,T"]
[Black "Rooze,J"]
[Result "0-1"]
[WhiteElo "2280"]
[BlackElo "2316"]

1.e4 c5 2.Nc3 Nc6 3.Bb5 Nd4 4.Bc4 e6 5.Nge2 a6 6.Nxd4 cxd4 7.Ne2 d5 8.exd5 exd5
9.Bb3 d3 10.cxd3 d4 11.O-O Nf6 12.Ng3 Bd6 13.Re1+ Kf8 14.h3 b6 15.Ne4 Ra7
16.a4 Bb8 17.Qf3 Re7 18.Kf1 Bb7 19.Ba2 h5 20.b3 Bd6 21.Bb2 Bb4 22.Qf5 Nxe4
23.dxe4 Rh6 24.d3 Bxe1 25.Rxe1 Kg8 26.Bc1 Bc8 27.Qf3 Rc6 28.Bg5 f6 29.Bf4 Qe8
30.Qd1 Be6 31.Qa1 Qd7 32.e5 Kh7 33.exf6 gxf6 34.Qd1 Bf7 35.Rxe7 Qxe7 36.Bd2 Qe5
37.f4 Qd5 38.Kf2 Rc8 39.g4 Rg8 40.Bc1 hxg4 41.hxg4 Be6 42.g5 fxg5 43.fxg5 Qf5+
44.Kg1 Qh3 45.Bf4 Bd5 46.Qe2 Re8 47.g6+ Kg7 48.Be5+ Kxg6  0-1

[Event "XV PRO AM Open"]
[Site "Villa Martelli ARG"]
[Date "2008.10.13"]
[Round "4"]
[White "Tristan,L"]
[Black "Madeira,W"]
[Result "1-0"]
[WhiteElo "2393"]
[BlackElo "2230"]

1.e4 c5 2.Nc3 Nc6 3.Bb5 g6 4.Nf3 Bg7 5.Bxc6 dxc6 6.d3 Nf6 7.h3 O-O 8.Be3 b6
9.Qd2 e5 10.Bh6 Qe7 11.O-O Bxh6 12.Qxh6 Nh5 13.Ne2 f6 14.Nd2 Qg7 15.Qe3 g5
16.Kh2 Qh6 17.a4 a5 18.Nc4 Rb8 19.Nd6 Rd8 20.Nxc8 Rbxc8 21.Ng3 Ng7 22.b4 axb4
23.a5 bxa5 24.Qxc5 g4 25.Rxa5 gxh3 26.Ra7 Kh8 27.gxh3 Ne6 28.Qe3 Nf4 29.Nf5 Qh5
30.Rg1 b3 31.Rgg7 bxc2 32.Rxh7+ Qxh7 33.Rxh7+ Kxh7 34.Qa7+  1-0

[Event "1st WMSG Rapid Team w"]
[Site "Beijing CHN"]
[Date "2008.10.15"]
[Round "3"]
[White "Ruan Lufei"]
[Black "Van Nies,P"]
[Result "1-0"]
[WhiteElo "2496"]
[BlackElo "2165"]

1.e4 c5 2.Nf3 Nc6 3.Nc3 d6 4.d4 cxd4 5.Nxd4 Nf6 6.Bg5 e6 7.Qd2 a6 8.O-O-O Bd7
9.f4 h6 10.Bh4 g5 11.fxg5 Ng4 12.Be2 Nge5 13.Rhf1 Nxd4 14.Qxd4 hxg5 15.Bg3 f6
16.Na4 Be7 17.Nb6 Rb8 18.Bxe5 fxe5 19.Qf2 Qc7 20.Qf7+ Kd8 21.Nxd7 Qxd7 22.Bg4 Rh6
23.h3 Kc7 24.Qf3 Rf8 25.Qb3 Rhf6 26.Rfe1 Kb8 27.Re3 Rc8 28.Bf3 Rc5 29.Rc3 Rxc3
30.Qxc3 Qc6 31.Qa5 Ka7 32.a3 Rf4 33.Rd3 Qb6 34.Qe1 Kb8 35.Kb1 Qc5 36.Rc3 Qd4
37.Rd3 Qc5 38.Rd1 Qc4 39.Qa5 Qc7 40.Qa4 Qc6 41.Qb3 Rf6 42.Rd3 Ka7 43.Rc3 Qb6
44.Qc4 Bd8 45.Qc8 Be7 46.Qe8 Qd8 47.Qa4 Qb6 48.Rc8 Rf8 49.Rxf8 Bxf8 50.Qe8 g4
51.Bxg4 Bh6 52.Qxe6 Bf4 53.Bf3 Bd2 54.h4 Qg1+ 55.Ka2 Qd4 56.h5 Bc1 57.Qb3 Qc5  1-0

[Event "1st WMSG Rapid Team"]
[Site "Beijing CHN"]
[Date "2008.10.15"]
[Round "4"]
[White "Sepp,O"]
[Black "Diamant,A"]
[Result "1/2-1/2"]
[WhiteElo "2448"]
[BlackElo "2412"]

1.e4 c5 2.Ne2 Nc6 3.Nbc3 e6 4.g3 a6 5.Bg2 d6 6.O-O Nf6 7.d3 Be7 8.f4 Qc7
9.h3 b5 10.a3 Bb7 11.g4 h6 12.Be3 Nd7 13.Ng3 Nd4 14.Nce2 Nxe2+ 15.Qxe2 O-O
16.c3 d5 17.e5 f6 18.d4 cxd4 19.cxd4 fxe5 20.fxe5 Rxf1+ 21.Rxf1 Rf8 22.Nh5 Rxf1+
23.Bxf1 Nf8 24.Qd2 Bh4 25.Bd3 Qf7 26.Kg2 Bc6 27.Qa5 Be8 28.Qxa6 b4 29.axb4 Qe7
30.Qd6 Qb7 31.b5 Bxb5 32.Qb4 Ba6 33.Qxb7 Bxb7 34.Nf4 Kf7 35.Kf3 Bg5 36.Kg3 Be7
37.h4 Bb4 38.g5 hxg5 39.hxg5 Bc6 40.g6+ Ke7 41.Kg4 Be8 42.Bf2 Kd8 43.Bh4+ Kc7
44.Bf6 Bxg6 45.Bxg7 Bxd3 46.Nxd3 Be7 47.Bxf8 Bxf8 48.Kg5 Kc6 49.Nf4 Kb5 50.Kf6 Bh6
51.Nxe6 Kc4 52.Ng5 Kxd4 53.e6 Bf8 54.Nf3+ Kc4 55.Ne5+ Kb3 56.Nd3 Kc4 57.Nf4 d4
58.Ke5 d3 59.b3+ Kc3 60.Nxd3 Kxd3  1/2-1/2

[Event "1st WMSG Rapid Team w"]
[Site "Beijing CHN"]
[Date "2008.10.15"]
[Round "5"]
[White "Gara,A"]
[Black "Paridar,S"]
[Result "1-0"]
[WhiteElo "2312"]
[BlackElo "2248"]

1.e4 c5 2.Nf3 Nc6 3.Nc3 e6 4.Bb5 Nge7 5.O-O a6 6.Bxc6 Nxc6 7.Re1 Be7 8.e5 d6
9.exd6 Qxd6 10.Ne4 Qd5 11.b3 O-O 12.Bb2 Rd8 13.c4 Qd7 14.Ne5 Nxe5 15.Bxe5 f6
16.Bc3 e5 17.Qe2 Qc6 18.Qh5 Be6 19.Re3 Bf7 20.Qf3 Bg6 21.g4 b5 22.Rd1 b4
23.Bb2 Ra7 24.h4 Rad7 25.d3 h6 26.g5 Bxe4 27.Rxe4 fxg5 28.Bxe5 gxh4 29.Qg4 Bf6
30.Bxf6 Qxf6 31.Qxh4 Qf3 32.Qg4 Qxg4+ 33.Rxg4 Kf7 34.Rg3 g5 35.Kg2 Rd4 36.Rh1 R8d6
37.Rd1 Kg6 38.Re3 h5 39.Re5 Rc6 40.Re4 Rcd6 41.Re5 Rc6 42.Re4 Rcd6 43.Re5 Rg4+
44.Kf3 Rf4+ 45.Kg2 Rc6 46.Rde1 Kf6 47.Rd5 Rg4+ 48.Kf3 Rf4+ 49.Kg2 Rg4+ 50.Kf3 Rh4
51.Ree5 g4+ 52.Kg2 Rh3 53.Rxh5 Rxh5 54.Rxh5 Rd6 55.Rxc5 Rxd3 56.Rc6+ Kf5
57.Rxa6 Rd2 58.c5 Rc2 59.c6 Ke5 60.Kg3 Kf5 61.Rb6 Rxa2 62.Rxb4 Rc2 63.Rc4  1-0

[Event "1st WMSG Rapid Team"]
[Site "Beijing CHN"]
[Date "2008.10.15"]
[Round "6"]
[White "Amir,K"]
[Black "Tvarijonas,P"]
[Result "1-0"]
[WhiteElo "2265"]
[BlackElo "2310"]

1.e4 c5 2.Nc3 Nc6 3.Bb5 Nd4 4.Bc4 g6 5.Nf3 Bg7 6.Nxd4 cxd4 7.Qf3 e6 8.Nb5 d6
9.Qa3 Bf8 10.Qd3 e5 11.O-O a6 12.Na3 Nf6 13.c3 dxc3 14.dxc3 Be7 15.Nc2 O-O
16.Bh6 Re8 17.Nb4 Be6 18.Rad1 Qc7 19.Bb3 a5 20.Nd5 Bxd5 21.Bxd5 Nxd5 22.Qxd5 a4
23.f4 Ra5 24.Qd2 Qb6+ 25.Kh1 Rb5 26.fxe5 dxe5 27.Be3 Qc6 28.Qe2 Ra5 29.Bh6 f6
30.Qg4 Raa8 31.b3 axb3 32.axb3 Rad8 33.c4 Rd4 34.Rde1 Rd3 35.Re3 Red8 36.Rxd3 Rxd3
37.h3 Rxb3 38.Rd1 Kf7 39.Qe2 Rc3 40.c5 Rxc5 41.Qa2+ Qe6 42.Qa8 Rc7 43.Qh8 f5
44.Qxh7+ Ke8 45.Qh8+ Kf7 46.Qg7+ Ke8 47.Qh8+ Kf7 48.Qh7+ Ke8 49.exf5 gxf5
50.Qh8+ Kf7 51.Qg7+ Ke8 52.Qh8+  1-0

[Event "1st WMSG Rapid Team"]
[Site "Beijing CHN"]
[Date "2008.10.15"]
[Round "6"]
[White "Di Berardino,D"]
[Black "Orseth,D"]
[Result "1-0"]
[WhiteElo "2502"]
[BlackElo "2276"]

1.e4 c5 2.Nf3 Nc6 3.Nc3 g6 4.d4 cxd4 5.Nxd4 Bg7 6.Be3 Nf6 7.Bc4 O-O 8.Bb3 d6
9.f3 Bd7 10.Qd2 Nxd4 11.Bxd4 b5 12.h4 a5 13.a4 bxa4 14.Nxa4 e5 15.Be3 Be6
16.Nb6 Rb8 17.Bxe6 fxe6 18.Qxa5 d5 19.exd5 exd5 20.Bf2 Re8 21.O-O Re6 22.Na8 Qxa5
23.Rxa5 Rxb2 24.Nc7 Rc6 25.Nxd5 Nxd5 26.Rxd5 Rcxc2 27.g4 h6 28.Rc5 Re2 29.Rc8+ Kh7
30.Rc7 Kg8 31.Rc8+ Kh7 32.Rc7 Kg8 33.g5 hxg5 34.hxg5 Rbd2 35.Rc8+ Kh7 36.Kg2 e4
37.Rh1+ Bh6 38.Rxh6+ Kg7 39.Rc7+ Kg8 40.Rxg6+ Kh8 41.fxe4 Rxf2+ 42.Kg3 Rg2+
43.Kf4 Rdf2+ 44.Ke5 Rg4 45.Rf6 Rxg5+ 46.Ke6 Re2 47.Rf8+ Rg8 48.Rxg8+ Kxg8
49.e5 Kf8 50.Rc8+ Kg7 51.Ra8 Re1 52.Kd6 Rb1 53.e6 Rb6+ 54.Kd7 Rb7+ 55.Kc6 Re7
56.Kd6  1-0

[Event "1st Bobotsov Mem"]
[Site "Sofia BUL"]
[Date "2008.10.15"]
[Round "1"]
[White "Dragojlovic,A"]
[Black "Georgiev,Vl"]
[Result "0-1"]
[WhiteElo "2393"]
[BlackElo "2517"]

1.e4 c5 2.Nf3 Nc6 3.Nc3 g6 4.d4 cxd4 5.Nxd4 Bg7 6.Be3 Nf6 7.Bc4 O-O 8.Bb3 Qa5
9.O-O d6 10.h3 Bd7 11.f4 Qh5 12.Qf3 Qxf3 13.Nxf3 Nh5 14.Kh2 Na5 15.e5 dxe5
16.Nxe5 Nxb3 17.axb3 Rfd8 18.g4 Nf6 19.Rxa7 Rxa7 20.Bxa7 Be6 21.Rd1 Rxd1
22.Nxd1 h5 23.Nf2 hxg4 24.hxg4 g5 25.fxg5 Ne4 26.Nf3 Nxf2 27.Bxf2 Bxb2 28.Kg3 Kh7
29.Bd4 Bc1 30.b4 Bd5 31.c3 Kg6 32.Be5 b5 33.Bf4 Bb2 34.Be5 Ba3 35.Bd4 Bc1
36.Bc5 e6 37.Bd6 Bxf3 38.Kxf3 Bxg5 39.Bc7 Bd2 40.Be5 f6 41.Bd4 e5  0-1

[Event "TCh-AUT 2nd Bundesliga West 2008-9"]
[Site "Austria AUT"]
[Date "2008.10.17"]
[Round "1"]
[White "Medvegy,Z"]
[Black "Brumen,D"]
[Result "1/2-1/2"]
[WhiteElo "2556"]
[BlackElo "2368"]

1.e4 c5 2.Nf3 Nc6 3.Nc3 d6 4.d4 cxd4 5.Nxd4 e5 6.Nf5 Nf6 7.Bg5 Bxf5 8.exf5 Be7
9.Bxf6 Bxf6 10.Bc4 O-O 11.O-O Nd4 12.Qd3 Rc8 13.Bd5 Qd7 14.f4 b5 15.Rf2 Rc5
16.fxe5 Bxe5 17.Bb3 d5 18.Rd1 Nxb3 19.cxb3 Bxc3 20.bxc3 Rfc8 21.h3 Rxc3 22.Qxd5 Qxd5
23.Rxd5 a6 24.f6 gxf6 25.Rd6 a5 26.Rdxf6 Rc1+ 27.Kh2 R1c2 28.Rxf7 Rxa2 29.Rxa2 Kxf7
30.Rxa5 Rc5 31.b4 Rd5 32.g4 h5 33.Kg3 hxg4 34.hxg4 Kf6 35.Kh4 Ke5 36.Ra1 Rd4
37.Rb1 Kf6 38.Kh5 Re4 39.Rb2 Rd4 40.Rf2+ Kg7 41.Rb2 Kf6 42.g5+ Kg7 43.Ra2 Rxb4
44.Ra7+ Kg8 45.Rb7 Ra4 46.Kh6 Ra6+ 47.g6 Ra8 48.Rxb5  1/2-1/2

[Event "TCh-AUT 2nd Bundesliga West 2008-9"]
[Site "Austria AUT"]
[Date "2008.10.17"]
[Round "1"]
[White "Platzgummer,F"]
[Black "Moroder,S"]
[Result "1-0"]
[WhiteElo "2200"]
[BlackElo "2041"]

1.e4 c5 2.Nc3 Nc6 3.Nf3 g6 4.d4 cxd4 5.Nxd4 Bg7 6.Be3 d6 7.Qd2 Nf6 8.f3 O-O
9.O-O-O Bd7 10.g4 Rc8 11.Kb1 Ne5 12.h4 Nc4 13.Bxc4 Rxc4 14.h5 b5 15.Nce2 Qc7
16.Bh6 e5 17.Bxg7 Kxg7 18.hxg6 fxg6 19.Qh6+ Kf7 20.g5 Ne8 21.Qxh7+ Ng7 22.Rh6 exd4
23.Qxg6+  1-0

[Event "24th ECC"]
[Site "Kallithea GRE"]
[Date "2008.10.17"]
[Round "1"]
[White "Mastrovasilis,D"]
[Black "McPhillips,K"]
[Result "1-0"]
[WhiteElo "2572"]
[BlackElo "2222"]

1.e4 c5 2.Nf3 Nc6 3.Nc3 e5 4.Bc4 d6 5.d3 Be7 6.Nd2 Nf6 7.Nf1 Bg4 8.f3 Be6
9.Ne3 a6 10.a3 b5 11.Ba2 Nd4 12.O-O b4 13.axb4 cxb4 14.Bxe6 fxe6 15.Ne2 O-O
16.c3 Nxe2+ 17.Qxe2 d5 18.Kh1 d4 19.Nc4 bxc3 20.Nxe5 Qc7 21.Nc4 Bb4 22.bxc3 dxc3
23.Be3 Nd7 24.Rfe1 Nc5 25.Rab1 a5 26.d4 Nd7 27.Bf2 Rfc8 28.Ne3 Nb6 29.Rb3 Qe7
30.d5 Na4 31.dxe6 Qxe6 32.Nd5 Rd8 33.Qa2 Bd6 34.Rbb1 Qh6 35.Bg1 Rab8 36.Nxc3+  1-0

[Event "XV PRO AM Open"]
[Site "Villa Martelli ARG"]
[Date "2008.10.17"]
[Round "8"]
[White "Cuevas,A"]
[Black "Di Benedetto,G"]
[Result "1/2-1/2"]
[WhiteElo "2227"]
[BlackElo "2312"]

1.e4 c5 2.Nf3 Nc6 3.Nc3 e5 4.Bc4 Be7 5.d3 d6 6.O-O Nf6 7.Ng5 O-O 8.f4 Bg4
9.Qe1 exf4 10.Bxf4 Nd4 11.Qf2 h6 12.Nf3 Nxf3+ 13.gxf3 Bh3 14.Rfe1 Qd7 15.Kh1 Nh5
16.Be3 Kh7 17.Rg1 g5 18.f4 g4 19.f5 Bf6 20.d4 Rae8 21.Rad1 cxd4 22.Bxd4 Re5
23.Bxe5 Bxe5 24.Be2 Rg8 25.Qh4 Nf6 26.Bf1 Bxf1 27.Rdxf1 Qc6 28.Rg2 Rg5 29.Qe1 b5
30.Qe2 Bxc3 31.bxc3 Nxe4 32.Rf4 Nf6 33.Qe7 Kg7 34.Qe3 Qd5 35.Qd4 h5 36.Kg1 Qxd4+
37.Rxd4 Rxf5 38.Rxd6 a5 39.Rc6 Ne4 40.Re2 Re5 41.Ra6  1/2-1/2

[Event "Ugra Cup"]
[Site "Khantiy Mansiysk RUS"]
[Date "2008.10.18"]
[Round "4"]
[White "Obodchuk,A"]
[Black "Artamonov,V"]
[Result "1-0"]
[WhiteElo "2434"]
[BlackElo "2309"]

1.e4 c5 2.Nf3 Nc6 3.Nc3 g6 4.d4 cxd4 5.Nxd4 Bg7 6.Be3 Nf6 7.Bc4 O-O 8.Bb3 a5
9.O-O a4 10.Nxa4 Nxe4 11.Nb5 Ra6 12.c4 d6 13.Qe2 Nf6 14.f3 Be6 15.Rac1 Nd7
16.a3 Nde5 17.Bd1 Bf5 18.Bc2 Bxc2 19.Qxc2 Qa5 20.b3 Rc8 21.Rfd1 Qd8 22.Nac3 Qf8
23.Nd5 Bh6 24.Qe2 Bxe3+ 25.Qxe3 Qd8 26.Rc2 b6 27.Re2 Na5 28.f4 Nec6 29.f5 Ne5
30.Qh3 Nac6 31.f6 e6 32.Rxe5 Nxe5 33.Ne7+ Kh8 34.Rxd6 Qf8 35.Nxc8 h5 36.Qe3 Ng4
37.Qd2 Kh7 38.Nxb6  1-0

[Event "TCh-BEL 2008-9"]
[Site "Belgium BEL"]
[Date "2008.10.19"]
[Round "2"]
[White "Klein,Fe"]
[Black "Uhoda,P"]
[Result "1-0"]
[WhiteElo "2270"]
[BlackElo "2113"]

1.e4 c5 2.Nf3 Nc6 3.Nc3 d6 4.d4 cxd4 5.Nxd4 Nf6 6.Bg5 e6 7.Qd2 a6 8.O-O-O Bd7
9.f3 h6 10.Be3 h5 11.Bg5 Ne5 12.f4 Ng6 13.Bd3 Qc7 14.Nf3 e5 15.Rhe1 Rc8 16.Nd5 Nxd5
17.exd5 f5 18.fxe5 dxe5 19.Nxe5 Nxe5 20.Rxe5+ Kf7 21.Rxf5+ Bxf5 22.Bxf5 Bd6
23.Be6+ Kg6 24.h4 Kh7 25.Qd3+ g6 26.Bxc8 Rxc8 27.Kb1 Rf8 28.Rf1 Qc5 29.Rxf8 Bxf8
30.a3 Qd6 31.Qe4 Bg7 32.Qe6 Qc5 33.d6 Qd4 34.c3 Qd3+ 35.Ka2 Bxc3 36.Qf7+ Kh8
37.Qf8+ Kh7 38.Qf7+ Kh8 39.Bf6+ Bxf6 40.Qxf6+ Kg8 41.Qe6+ Kf8 42.d7  1-0

[Event "24th ECC"]
[Site "Kallithea GRE"]
[Date "2008.10.19"]
[Round "3"]
[White "Sodoma,J"]
[Black "Carstensen,J"]
[Result "0-1"]
[WhiteElo "2358"]
[BlackElo "2319"]

1.e4 c5 2.Nc3 Nc6 3.Bb5 Nd4 4.Bc4 e6 5.Nf3 Ne7 6.Nxd4 cxd4 7.Ne2 Nc6 8.O-O a6
9.d3 Bc5 10.a3 O-O 11.f4 Ne7 12.Bb3 d5 13.e5 f6 14.exf6 Rxf6 15.Ng3 Qd6 16.Qe2 Bd7
17.Bd2 Raf8 18.Rf3 Be8 19.Raf1 Bg6 20.R3f2 Bf5 21.h3 Bg6 22.Re1 Bf7 23.Nf1 h5
24.g3 Ng6 25.h4 Ne7 26.Nh2 Nf5 27.Rg2 Rg6 28.Kf2 Ne3 29.Bxe3 dxe3+ 30.Kg1 e5
31.fxe5 Qxe5 32.c3 Rxg3 33.d4 Bxd4 34.cxd4 Rxg2+ 35.Kxg2 Qxd4 36.Qxe3 Qxb2+
37.Re2 Qxa3 38.Nf3 Re8 39.Qxe8+ Bxe8 40.Rxe8+ Kf7 41.Re3 Kf6 42.Bxd5 Qxe3  0-1

[Event "24th ECC"]
[Site "Kallithea GRE"]
[Date "2008.10.20"]
[Round "4"]
[White "Skytte,R"]
[Black "McPhillips,K"]
[Result "1/2-1/2"]
[WhiteElo "2392"]
[BlackElo "2222"]

1.e4 c5 2.Nc3 Nc6 3.Bb5 Nd4 4.Bc4 g6 5.Nf3 Bg7 6.Nxd4 cxd4 7.Qf3 Nh6 8.Ne2 d6
9.O-O O-O 10.Qg3 Be6 11.Bxe6 fxe6 12.c3 e5 13.d3 Qd7 14.h3 Rac8 15.a4 d5
16.Bxh6 Bxh6 17.Qxe5 Bg7 18.Qxd5+ Qxd5 19.exd5 dxc3 20.bxc3 Bxc3 21.Rab1 b6
22.d4 Rc4 23.Rfc1 Rfc8 24.Nxc3 Rxc3 25.Rxc3 Rxc3 26.a5 bxa5 27.Ra1 Rc4 28.Rxa5 Rxd4
29.Rxa7 Kf7 30.Ra5 Kf6 31.g4 Ke5 32.Ra8 Rf4 33.Rh8 Rf7 34.Rd8 h5 35.Kg2 hxg4
36.hxg4 Rf4 37.Kg3 Ke4 38.Rd7 Rf3+ 39.Kg2 Rd3 40.Rxe7+ Kf4 41.Re6 g5 42.f3 Rd2+
43.Kh3 Rxd5 44.Rf6+ Ke5 45.Ra6 Rd6 46.Ra5+ Rd5 47.Ra6 Rd6 48.Rxd6 Kxd6 49.Kg3 Ke5
50.Kf2 Kf6 51.Ke2 Ke6 52.Kd2 Kd6 53.Kd3 Kd5 54.Ke2 Ke6 55.Kd2 Kd6 56.Kc3 Kc5
57.Kc2 Kc6 58.Kd1 Kd7 59.Kd2 Kd6 60.Ke3 Ke5 61.Kd2 Kd6  1/2-1/2

[Event "WYCC Girls U16"]
[Site "Vung Tau City VIE"]
[Date "2008.10.20"]
[Round "1"]
[White "Eric,J"]
[Black "Abylkassymova,R"]
[Result "1-0"]
[WhiteElo "2146"]
[BlackElo "1834"]

1.e4 c5 2.Nf3 Nc6 3.Nc3 Nf6 4.Bb5 d6 5.O-O g6 6.e5 dxe5 7.Nxe5 Qc7 8.Re1 Bg7
9.Qf3 Bd7 10.Nd5 Qd6 11.Bxc6 bxc6 12.Nxe7 Qxe7 13.Nd3 Ne4 14.Qxe4 Qxe4 15.Rxe4+ Kd8
16.Nxc5 Bf5 17.Rc4 Re8 18.Kf1 Rb8 19.Nb3 Be4 20.d3 Bd5 21.Ra4 Rb7 22.Bg5+ Kc8
23.Rb1 f5 24.Be3 Kb8 25.Na5 Rd7 26.c4 Bg8 27.Nxc6+ Kc7 28.Nb4 Kb8 29.Bxa7+  1-0

[Event "WYCC Boys U18"]
[Site "Vung Tau City VIE"]
[Date "2008.10.20"]
[Round "1"]
[White "Mustafaev,J"]
[Black "Schon,E"]
[Result "1-0"]
[WhiteElo "2393"]
[BlackElo "2066"]

1.e4 c5 2.Nf3 Nc6 3.Nc3 Nf6 4.d4 cxd4 5.Nxd4 e5 6.Ndb5 d6 7.Bg5 a6 8.Na3 b5
9.Nd5 Be7 10.Bxf6 Bxf6 11.c4 b4 12.Nc2 a5 13.Qf3 Be6 14.Rd1 Bg5 15.g3 Bxd5
16.cxd5 Nb8 17.Bb5+ Nd7 18.Qg4 Rc8 19.Ne3 Bxe3 20.fxe3 g6 21.O-O Rc7 22.Rc1 Rxc1
23.Rxc1 Ke7 24.Rf1 Rf8 25.Qh4+ f6 26.Qxh7+ Rf7 27.Qxg6 Nc5 28.Be2 Qh8 29.Bh5 Rf8
30.g4 Kd8 31.Kh1 Nd7 32.Rc1 Rg8 33.Qf7 Nc5 34.Qa7 a4 35.Rxc5 dxc5 36.d6 Qg7
37.Bf7  1-0

[Event "WYCC Boys U18"]
[Site "Vung Tau City VIE"]
[Date "2008.10.20"]
[Round "1"]
[White "Rabbitte,L"]
[Black "Bonafede,A"]
[Result "0-1"]
[WhiteElo "2012"]
[BlackElo "2327"]

1.e4 c5 2.Nc3 Nc6 3.Bb5 Nd4 4.Bc4 e6 5.Nge2 Ne7 6.Nxd4 cxd4 7.Ne2 Nc6 8.O-O g6
9.d3 Bg7 10.f4 O-O 11.Ng3 Na5 12.Bb3 Nxb3 13.axb3 f5 14.Bd2 d6 15.Bb4 Qb6
16.Qe1 Rf7 17.exf5 e5 18.Qd2 Qc6 19.Rae1 b6 20.Ba3 Bd7 21.Re2 Rc8 22.Qb4 d5
23.Rfe1 a5 24.Qd2 Bf6 25.Nf1 Rg7 26.h3 g5 27.Ng3 gxf4 28.Nh5 f3 29.Nxg7 fxe2
30.Nh5 b5 31.Nxf6+ Qxf6 32.Qxa5 Rxc2 33.Qa8+ Kg7 34.Qxd5 Bc6 35.Qd6 Qxd6
36.Bxd6 Kf6 37.Kf2 Rxb2 38.b4 Rd2 39.g3 Rxd3 40.Rxe2 Rf3+  0-1

[Event "WYCC Boys U16"]
[Site "Vung Tau City VIE"]
[Date "2008.10.20"]
[Round "1"]
[White "Dole,A"]
[Black "Nguyen Van Hai"]
[Result "1-0"]
[WhiteElo "1997"]
[BlackElo "2268"]

1.e4 c5 2.Nf3 Nc6 3.Nc3 g6 4.d4 cxd4 5.Nxd4 Bg7 6.Be3 Nf6 7.Bc4 Qa5 8.O-O O-O
9.Bb3 d6 10.h3 Bd7 11.f4 Rfd8 12.Qd3 Rac8 13.a3 Be8 14.Rad1 Nd7 15.Nd5 Kf8
16.f5 Nxd4 17.f6 Nxf6 18.Bxd4 Nxd5 19.Bxg7+ Kxg7 20.exd5 f6 21.Rfe1 Rd7 22.Kh1 Bf7
23.Re4 a6 24.Qe3 Rcc7 25.c3 Qc5 26.Qd2 b5 27.Bc2 Qa7 28.Rh4 h5 29.Qd3 Kh6
30.Rxh5+ Kxh5 31.Qd2 Rc4 32.g4+ Rxg4 33.hxg4+ Kh4 34.Qh6+ Kg3 35.Rd3+  1-0

[Event "Guernsey Open"]
[Site "Guernsey GCI"]
[Date "2008.10.21"]
[Round "3"]
[White "Hamperl,F"]
[Black "Broek,T"]
[Result "1-0"]
[WhiteElo "2076"]
[BlackElo "2229"]

1.e4 c5 2.Nc3 Nc6 3.Bb5 Nd4 4.Bc4 g6 5.Nf3 Bg7 6.Nxd4 cxd4 7.Qf3 e6 8.Nb5 d6
9.Qa3 Be5 10.c3 d3 11.Bxd3 d5 12.Bc2 dxe4 13.Bxe4 Qb6 14.c4 Nf6 15.Bf3 Nd5
16.d4 Bb8 17.O-O Ne7 18.Bg5 Ng8 19.d5 a6 20.dxe6 f6 21.Be3 Qxe6 22.Rfe1 Ne7
23.Bc5 Be5 24.Nc7+ Bxc7 25.Rxe6 Bxe6 26.Bxe7 Kf7 27.Bxb7 Rab8 28.Bd5 Bxd5
29.cxd5 Be5 30.Re1 Rxb2 31.Bd6 Re8 32.Bxe5 Rxe5 33.Kf1  1-0

[Event "24th ECC"]
[Site "Kallithea GRE"]
[Date "2008.10.21"]
[Round "5"]
[White "Ahn,M"]
[Black "Nabaty,T"]
[Result "1/2-1/2"]
[WhiteElo "2321"]
[BlackElo "2456"]

1.e4 c5 2.Nf3 Nc6 3.Nc3 d6 4.d4 cxd4 5.Nxd4 Nf6 6.Bg5 g6 7.Bxf6 exf6 8.Bc4 Bg7
9.Ndb5 O-O 10.O-O f5 11.exf5 Bxf5 12.Nxd6 Bxc3 13.bxc3 Bxc2 14.Qd5 Qd7 15.Ne4 Qe7
16.Rfe1 Rfd8 17.Qc5 Bxe4 18.Qxe7 Nxe7 19.Rxe4 Nf5 20.Bb3 Rac8 21.Rc1 Rd3
22.Bc4 Rd2 23.Bb3 Nd4 24.Kf1 Nxb3 25.axb3 Rb2 26.b4 Rb3 27.Ke2 Rbxc3 28.Rxc3 Rxc3
29.Re7 b6 30.Rxa7 Rb3 31.h4 Rxb4 32.g3 Re4+ 33.Kf3 Re6 34.Rb7 Kg7 35.Kf4 Kf6
36.g4 h5 37.gxh5 gxh5 38.Rb8 Rc6 39.Rh8 Rc4+ 40.Kg3 Kg6 41.Rb8 Rg4+ 42.Kh3 Rb4
43.Rg8+ Kh6 44.Rh8+ Kg6 45.Rg8+ Kf5 46.Rg5+ Kf4 47.Rxh5 f5 48.Kg2 b5 49.Rg5 Ke5
50.Rh5 Rg4+ 51.Kh3 Rg8 52.Rh7 Rb8 53.Re7+ Kd4 54.Kg3 b4 55.Kf4 b3 56.Re1 Rf8
57.Re7 Rb8 58.Re1 Rf8 59.Re7 Rh8 60.Kxf5 Rxh4 61.Rd7+ Kc3 62.f4 Rh5+ 63.Ke6 b2
64.Rd1 Kc2 65.Rg1 Rh6+  1/2-1/2

[Event "WYCC Girls U18"]
[Site "Vung Tau City VIE"]
[Date "2008.10.21"]
[Round "2"]
[White "Girya,O"]
[Black "Pham Bich Ngoc"]
[Result "1-0"]
[WhiteElo "2332"]
[BlackElo "2090"]

1.e4 c5 2.Nc3 Nc6 3.Bb5 Nd4 4.Bc4 d6 5.Nf3 Bg4 6.Nxd4 Bxd1 7.Bb5+ Qd7 8.Kxd1 cxd4
9.Bxd7+ Kxd7 10.Ne2 e5 11.d3 Ne7 12.c3 Nc6 13.cxd4 Nxd4 14.Nc3 Be7 15.Be3 Ne6
16.Kd2 g6 17.a4 f5 18.Nb5 a6 19.Nc3 Bd8 20.Nd5 f4 21.Bb6 Rc8 22.f3 Rc6 23.Bf2 a5
24.Ra3 b6 25.b4 Nd4 26.Bxd4 exd4 27.bxa5 bxa5 28.Rb3 Bg5 29.h4 Rhc8 30.Nb6+ Rxb6
31.Rxb6 Bd8 32.Rb7+ Rc7 33.Rxc7+ Bxc7 34.h5 g5 35.Rb1 h6 36.Rb5 Ke6 37.Kc2 Kd7
38.Kb3  1-0

[Event "WYCC Boys U16"]
[Site "Vung Tau City VIE"]
[Date "2008.10.21"]
[Round "2"]
[White "Nuri,Kam"]
[Black "Durarbeyli,V"]
[Result "1-0"]
[WhiteElo "2179"]
[BlackElo "2434"]

1.e4 c5 2.Nc3 Nc6 3.Nge2 g6 4.d4 cxd4 5.Nxd4 Bg7 6.Be3 Nf6 7.g3 d6 8.h3 Bd7
9.Bg2 Qc8 10.Qd2 Ne5 11.b3 Nc6 12.Rd1 O-O 13.Nde2 Nb4 14.a3 Na6 15.g4 Nc5
16.e5 Ne8 17.Nd5 Qd8 18.Nxe7+ Qxe7 19.exd6 Qe5 20.f4 Qb2 21.Bxc5 Rc8 22.Bd4 Bxd4
23.Nxd4 Nxd6 24.O-O Qxa3 25.Nf3 Ne4 26.Qxd7 Rfd8 27.Qxd8+ Rxd8 28.Rxd8+ Kg7
29.Ne5 Ng3 30.Rf2 Qc5 31.Rd2 h5 32.Kh2 h4 33.Bxb7 g5 34.Nc4 gxf4 35.Rxf4 Qc7
36.Nd6 Qc3 37.Rxf7+ Kg8 38.Rdf2 Qc5 39.Rf8+ Kh7 40.R8f7+ Kg8 41.Rf8+ Kh7
42.R2f7+ Kh6 43.Rf6+ Kh7 44.Bg2 Qxc2 45.Rf2 Qd1 46.Be4+ Nxe4 47.Nxe4 Qd4
48.R8f4  1-0

[Event "24th ECC"]
[Site "Kallithea GRE"]
[Date "2008.10.22"]
[Round "6"]
[White "Broekmeulen,Ja"]
[Black "Bjornsson,Si"]
[Result "0-1"]
[WhiteElo "2325"]
[BlackElo "2323"]

1.e4 c5 2.Nf3 Nc6 3.Nc3 e6 4.Bb5 Nge7 5.O-O a6 6.Bxc6 Nxc6 7.d4 cxd4 8.Nxd4 d6
9.Nxc6 bxc6 10.Bf4 e5 11.Be3 Be7 12.Qd3 O-O 13.Na4 a5 14.c4 Rb8 15.Rad1 Rb4
16.b3 f5 17.Bd2 Rb8 18.Bc3 Qc7 19.c5 dxc5 20.Qc4+ Kh8 21.Nxc5 Qa7 22.Bxe5 Rb4
23.Qc3 Bxc5 24.Bxg7+ Qxg7 25.Qxc5 fxe4 26.Qxa5 Bh3 27.g3 Rb5  0-1

[Event "WYCC Girls U16"]
[Site "Vung Tau City VIE"]
[Date "2008.10.22"]
[Round "3"]
[White "Eric,J"]
[Black "Vo Thi Kim Phung"]
[Result "1/2-1/2"]
[WhiteElo "2146"]
[BlackElo "2052"]

1.e4 c5 2.Nf3 Nc6 3.Nc3 g6 4.d4 cxd4 5.Nxd4 Bg7 6.Nb3 Nf6 7.Be2 O-O 8.O-O d6
9.Bg5 a6 10.f4 b5 11.Bf3 Bb7 12.Kh1 b4 13.Nd5 Nxd5 14.exd5 Na5 15.Qe1 Re8
16.Qxb4 Nxb3 17.Qxb3 Rb8 18.c3 Qd7 19.Qc2 Qb5 20.Rad1 h6 21.Bh4 Qc4 22.a3 Qxf4
23.Bg3 Qg5 24.Qf2 Qf5 25.c4 Qf6 26.b4 Qc3 27.Be2 f5 28.c5 Qxa3 29.cxd6 exd6
30.Bxd6 Rbc8 31.Bc5 Qa2 32.Bf3 Qxf2 33.Rxf2 Bf8 34.d6 Bxf3 35.gxf3 Red8 36.h4 Rd7
37.Rg2 Kf7 38.Rdg1 Bxd6 39.Rxg6 Bxc5 40.bxc5 Rd3 41.Rxh6 Rxc5  1/2-1/2

[Event "WYCC Boys U14"]
[Site "Vung Tau City VIE"]
[Date "2008.10.22"]
[Round "4"]
[White "Idani,P"]
[Black "Chua Xing Jian,G"]
[Result "1-0"]
[WhiteElo "2067"]
[BlackElo "2229"]

1.e4 c5 2.Nf3 Nc6 3.Nc3 e5 4.Bc4 Be7 5.d3 Nf6 6.O-O d6 7.Ng5 O-O 8.f4 exf4
9.Bxf4 h6 10.Nf3 Be6 11.Bxe6 fxe6 12.Qd2 Nh5 13.Be3 d5 14.exd5 exd5 15.d4 c4
16.Ne5 Bd6 17.Rxf8+ Qxf8 18.Rf1 Qe8 19.Nf7 Qe6 20.Nxd6 Qxd6 21.Rf5 Qg6 22.Qf2 Nf6
23.Nxd5 Ne4 24.Qf4 Nd6 25.Nf6+ Kh8 26.Rd5 Nf7 27.Ng4 Ng5 28.Qf5 Qe8 29.Bxg5 hxg5
30.Ne5 Nb4 31.Rd7 Qh5 32.Ng6+  1-0